|
|
|
|
| LEADER |
00000nab a2200000 a 4500 |
| 001 |
vtls008887383 |
| 003 |
SK-MaSNL |
| 005 |
20260304134317.0 |
| 008 |
250505c2003 xo mr|p|||||||000 b|slo |
| 015 |
|
|
|a SNBRB2006/12
|
| 035 |
|
|
|a (uuid)17a1668e-012d-40c0-bcfc-2ad4a1472d28
|
| 035 |
|
|
|a urn:nbn:sk:snk-ab2zyb
|
| 035 |
|
|
|a (urnnbn)urn:nbn:sk:snk:ar-a04ajm
|
| 038 |
|
|
|a SNKBUCL
|
| 040 |
|
|
|a SNKBUCL
|b slo
|c SNKBUCL
|e AACR2
|
| 041 |
0 |
|
|a slo
|
| 044 |
|
|
|a xo
|c SK
|
| 080 |
|
|
|a 347.734
|2 1997
|
| 080 |
|
|
|a 341.633
|2 1997
|
| 080 |
|
|
|a 336.77.067.21
|2 1997
|
| 100 |
1 |
|
|a Chovancová, Katarína,
|d 1974-
|4 aut
|9 253865
|
| 245 |
1 |
0 |
|a Medzinárodné rozhodcovské konanie v bankových úverových zmluvách s cudzím prvkom
|c Katarína Chovancová
|
| 650 |
0 |
7 |
|a bankové úverové zmluvy
|2 snkbucl
|9 1452060
|
| 650 |
0 |
7 |
|a medzinárodné rozhodcovské konanie
|2 snkbucl
|9 1452061
|
| 773 |
0 |
|
|t Obchodné právo
|g Roč. III., č. 11 (2003), s. 72-76
|x 1335-6674
|
| 850 |
|
|
|a Slovenská národná knižnica
|
| 852 |
|
|
|a Slovenská národná knižnica
|
| 954 |
|
|
|a odborná, vedecká literatúra pôvodná (slovenská)
|2 lita
|
| 958 |
|
|
|a article2022
|
| 958 |
|
|
|a SK
|
| 958 |
|
|
|a OND
|
| 958 |
|
|
|a EUIPO
|
| 999 |
|
|
|c 2906242
|d 2908172
|